| 000 | 00514nam a22001937a 4500 | ||
|---|---|---|---|
| 003 | OSt | ||
| 005 | 20220518025509.0 | ||
| 008 | 170328b xxu||||| |||| 00| 0 eng d | ||
| 020 | _a0743477103 | ||
| 040 |
_aMMU _beng _cMMU _dMMU |
||
| 050 | _aFICPR2823 .M25 1992 | ||
| 100 | _aShakespeare, William | ||
| 245 |
_aThe tragedy of Macbeth _cWilliam Shakespeare |
||
| 260 |
_aNew York _bWashington Square, _c1992 |
||
| 300 | _a223 p.: | ||
| 650 | _aMacbeth | ||
| 700 | _aMowat Barbara A. | ||
| 942 |
_2lcc _cLOAN LOAN |
||
| 999 |
_c26226 _d26226 |
||